First things first : An integrated course for beginners
Đã lưu trong:
| Tác giả chính: | |
|---|---|
| Định dạng: | Sách |
| Ngôn ngữ: | Undetermined |
| Được phát hành: |
London, UK
Longman
1967
|
| Những chủ đề: | |
| Các nhãn: |
Thêm thẻ
Không có thẻ, Là người đầu tiên thẻ bản ghi này!
|
| Thư viện lưu trữ: | Trung tâm Học liệu Trường Đại học Cần Thơ |
|---|
| LEADER | 00555nam a2200205Ia 4500 | ||
|---|---|---|---|
| 001 | CTU_301 | ||
| 008 | 210402s9999 xx 000 0 und d | ||
| 082 | |a 428.24 | ||
| 082 | |b A374 | ||
| 100 | |a Alexander, L G | ||
| 245 | 0 | |a First things first : | |
| 245 | 3 | |b An integrated course for beginners | |
| 245 | 0 | |c L G Alexander | |
| 260 | |a London, UK | ||
| 260 | |b Longman | ||
| 260 | |c 1967 | ||
| 650 | |a English language | ||
| 650 | |x Textbook for foreign speakers | ||
| 904 | |i Minh, 960722 | ||
| 980 | |a Trung tâm Học liệu Trường Đại học Cần Thơ | ||